<?xml version="1.0" encoding="UTF-8"?><?xml-stylesheet type="text/xsl" href="static/style.xsl"?><OAI-PMH xmlns="http://www.openarchives.org/OAI/2.0/" xmlns:xsi="http://www.w3.org/2001/XMLSchema-instance" xsi:schemaLocation="http://www.openarchives.org/OAI/2.0/ http://www.openarchives.org/OAI/2.0/OAI-PMH.xsd"><responseDate>2026-04-27T21:29:02Z</responseDate><request verb="GetRecord" identifier="oai:uvadoc.uva.es:10324/48024" metadataPrefix="marc">https://uvadoc.uva.es/oai/request</request><GetRecord><record><header><identifier>oai:uvadoc.uva.es:10324/48024</identifier><datestamp>2021-08-24T20:56:44Z</datestamp><setSpec>com_10324_38</setSpec><setSpec>col_10324_852</setSpec></header><metadata><record xmlns="http://www.loc.gov/MARC21/slim" xmlns:doc="http://www.lyncode.com/xoai" xmlns:xsi="http://www.w3.org/2001/XMLSchema-instance" xmlns:dcterms="http://purl.org/dc/terms/" xsi:schemaLocation="http://www.loc.gov/MARC21/slim http://www.loc.gov/standards/marcxml/schema/MARC21slim.xsd">
<leader>00925njm 22002777a 4500</leader>
<datafield tag="042" ind1=" " ind2=" ">
<subfield code="a">dc</subfield>
</datafield>
<datafield tag="720" ind1=" " ind2=" ">
<subfield code="a">Gómez Quirce, Alejandro</subfield>
<subfield code="e">author</subfield>
</datafield>
<datafield tag="260" ind1=" " ind2=" ">
<subfield code="c">2021</subfield>
</datafield>
<datafield tag="520" ind1=" " ind2=" ">
<subfield code="a">La retórica siempre ha sido considerada como una de las artes y habilidades imprescindibles en muchos profesionales de diversos campos, pero sobre todo se ha ligado al mundo jurídico y especialmente a los abogados.&#xd;
La retórica como sinónimo de persuasión, puesto que la definición de la misma se conoce como, “el arte de convencer mediante la palabra”.&#xd;
Con un marcado carácter y una importante evolución histórica en dos de las culturas mas influyentes en Europa y mundo actual (Roma y Grecia), tuvo una importante relación con la jurisprudencia. Puesto que el conocimiento del derecho y las habilidades y estrategias que los retóricos desarrollaron durante esta época sirvieron a los fines de que los romanos crearan las bases de un derecho que es el principal precursor del actual sistema que conocemos</subfield>
</datafield>
<datafield tag="024" ind2=" " ind1="8">
<subfield code="a">https://uvadoc.uva.es/handle/10324/48024</subfield>
</datafield>
<datafield tag="245" ind1="0" ind2="0">
<subfield code="a">Retórica y jurisprudencia en la antigua Roma</subfield>
</datafield>
</record></metadata></record></GetRecord></OAI-PMH>